000 00520cam a2200181 4500
001 sa 68013771
003 DLC
005 20260227112625.0
008 691215s1948 ii 00010 eng
010 _asa 68013771 //r84
050 0 _aDS481.G3
_bA4974
100 1 0 _aGandhi,
_cMahatma,
_d1869-1948.
245 1 0 _aDelhi diary, prayer speeches from 10-9-47 to 30-1-48
_c[by] M. K. Gandhi.
250 _a[1st ed.]
260 0 _aAhmedabad,
_bNavajivan Pub. House
_c[1948]
300 _axxiv, 406 p.
_c19 cm.
350 _a3.00
999 _c85332
_d85332